000 00480nam a2200181Ia 4500
001 20809
005 20260306172833.0
008 260306t2015||||xx |||||||||||||| ||spa||
041 _aESP
082 _a343.8
_bC35
100 _aCastro Gálvez, Luis
_eAUT
245 0 _aReparos tributarios por intendencia regional:
_blo que Sunat fiscaliza en tu ciudad
260 _c2015
300 _a497 páginas :
_c24 cm.
650 _aGEN
654 _aCDE
942 _cLIB
_dJUS
_fJUS
_2ddc
_n
999 _c20809
_d20809